00845nam a2200193 a 450000100100000000500170001000800410002702000150006804000250008324501230010826000470023130000200027849000610029870000300035971000720038983000680046195201050052999900170063400004108420201002034615.0130917s2004 sp 000 0 spa d a8400082370 aDO-SdBNPbspacBNPHU00aBase corológicas de flora corológicas ibérica :badiciones y números 2179-2238 /ceditado porJ.C. Hernández. aMadrid :bReal Jardín Botánico,c2004. a94 p. ;c24 cm.1 aCuadernos de trabajo de Flora micológica Ibéricav201 aHernández, J. C.9675842 aConsejo Superior de Investigaciones Sientíficas (España)963726 0aCuadernos de trabajo de Flora micológica Ibéricav20967585 001050718MOaGRbGRcCTd2013-11-14iLF1l0o p41084-10r2020-06-25w2020-06-25y1ZNo se presta c40574d40574